000 00452nam a2200157 i 4500
001 26203
003 ES-MaACL
005 20230906153412.0
007 t|
008 030108s1978 sp ||||1| spa d
100 1 _aAróstegui, Antonio.
_923166
245 1 0 _aEsquemas para una Historia de la Filosofía Occidental /
_cAntonio Arostegui.
260 _aMadrid :
_bMarsiega,
_c1978.
300 _a1019 p. ;
_c22 cm.
852 _aES-MaACL
_jA-9045
_bR.97967
999 _c26203
_d26203